666 anjelov

Bibliographic Details
Main Author: Baričák, Pavel "Hirax", 1971- (Author)
Format: Book
Language:Slovak
PhysicalDescription:191 s. 21 cm
Published: Martin Hladohlas 2012
ISBN:9788089502240
Edition:1. vyd.
Subjects:

MARC

LEADER 00000cam a2200000 a 4500
001 vtls010469859
003 SK-MaSNL
005 20260301132936.0
008 240318s2012 xo g 000 f slo
015 |a SNBA2013/04 
020 |a 9788089502240  |q (viaz.) 
035 |a 0F851672-FB3A-489C-8405-DD612E2E0CC2 
035 |a urn:nbn:sk:snk-amkw0d 
035 |a urn:nbn:sk:snk-am001oag 
040 |a SNK  |b slo  |c SNK  |e AACR2 
041 0 |a slo 
044 |a xo  |c SK 
072 7 |a 821.162.4-3  |x Slovenská próza  |2 konspekt 
080 |a 821.162.4-31  |2 2001 
100 1 |a Baričák, Pavel "Hirax",  |d 1971-  |4 aut  |9 202023 
245 1 0 |a 666 anjelov  |c Pavel "Hirax" Baričák 
246 3 0 |a Šesťstošesťdesiatšesť anjelov 
250 |a 1. vyd. 
260 |a Martin  |b Hladohlas  |c 2012 
300 |a 191 s.  |c 21 cm 
366 |e 6666 výt. 
655 7 |a slovenské romány  |2 SNKPH  |9 70324 
655 7 |a Slovak fiction  |2 SNKPHeng  |9 277096 
919 |a 978-80-89502-24-0 
958 |a LX 
999 |c 752385  |d 754315 
952 |a SNK  |b SNK  |y PREZ  |7 0  |p 17A1063209  |o snkSC 153150  |i snk2013/3940  |8 0  |0 0  |1 0  |4 0  |d 2013-02-18  |l 0  |r 2025-07-23 00:00:00  |w 2026-02-23 
952 |a SNK  |b SNK  |y VYP  |7 0  |p 17A1063210  |o snkSC 153150 D1  |i snk2013/3941  |8 0  |0 0  |1 0  |4 0  |d 2013-02-18  |f 1  |l 0  |r 2026-02-23 23:37:06  |w 2026-02-23